O Evangelho Segundo o Espiritismo / (Record no. 437)

MARC details
000 -LÍDER
campo de controle de tamanho fixo 01614nam a2200301 4500
001 - NÚMERO DE CONTROLE
campo de controle 437
003 - IDENTIFICADOR DO NÚMERO DE CONTROLE
campo de controle OSt
005 - DATA E HORÁRIO DA ÚLTIMA TRANSAÇÃO
campo de controle 20250627135946.0
008 - CAMPO DE DADOS FIXOS--INFORMAÇÃO GERAL
campo de controle de tamanho fixo 250627b |||||||g |||| 00| 0 eng d
020 ## - ISBN - INTERNATIONAL STANDARD BOOK NUMBER
ISBN - International Standard Book Number 9788573287301
040 ## - FONTE DA CATALOGAÇÃO
Idioma da catalogação por
041 ## - CÓDIGO DE IDIOMA
Código do idioma do texto/trilha sonora ou título diferente por
Código do idioma do original e/ou traduções intermediárias do texto fre
082 ## - CDD - CLASSIFICAÇÃO DECIMAL DE DEWEY
Número de Classificação 133.9
Número do exemplar K18e
100 1# - ENTRADA PRINCIPAL--NOME PESSOAL
Nome pessoal Kardec, Alan
Datas associadas ao nome 1804- 1869
9 (RLIN) 957
240 ## - TÍTULO UNIFORME
Título uniforme L'Évangile selon le Spiritisme"
245 ## - TÍTULO
Título O Evangelho Segundo o Espiritismo /
Indicação de responsabilidade, etc. Kardec, Alan ; Tradução de Guilion Ribeiro
250 ## - EDIÇÃO
Declaração de edição 131 ed.
260 ## - PUBLICAÇÃO, DISTRIBUIÇÃO, ETC.
Local de publicação, distribuição, etc. Brasília
Nome do editor, distribuidor, etc. FEB
Data da publicação, distribuição, etc. 2013
300 ## - DESCRIÇÃO FÍSICA
Extensão 410 p.
520 ## - NOTA DE RESUMO, ETC.
Resumo, etc. Parte do conjunto de cinco livros que compõem a Codificação Espírita, O evangelho segundo o espiritismo contém a essência do ensino moral de Jesus e serve de abrigo para os adeptos de todas as religiões – e mesmo os que não têm religião – como um roteiro seguro para a reforma íntima, meta indispensável, segundo Cristo, para se alcançar a paz interior. A obra é uma grande ferramenta para conhecer, observar e seguir as Leis divinas, que proporcionam uma caminhada gradual e evolutiva do Espírito rumo a Deus.<br/><br/>Esta versão do conjunto de ensinamentos transmitidos por Espíritos superiores, organizados e comentados por Allan Kardec, conta com a tradicional tradução de Guillon Ribeiro, presidente da Federação Espírita Brasileira por duas vezes, entre os anos de 1920 e 1943.
650 #0 - ASSUNTO--TERMO TÓPICO
Cabeçalho tópico ou nome geográfico Espiritismo
9 (RLIN) 958
650 #0 - ASSUNTO--TERMO TÓPICO
Cabeçalho tópico ou nome geográfico Mediunidade
9 (RLIN) 166
650 #0 - ASSUNTO--TERMO TÓPICO
Cabeçalho tópico ou nome geográfico Allan Kardec
9 (RLIN) 959
650 #0 - ASSUNTO--TERMO TÓPICO
Cabeçalho tópico ou nome geográfico Evangelho e Espiritismo
9 (RLIN) 960
655 #0 - TERMO DE ÍNDICE--GÊNERO E FORMA
Gênero/forma/ou termo foco Romance
700 ## - ENTRADA ADICIONADA - NOME PESSOAL
Nome pessoal Guilion Ribeiro
Função do autor por extenso TRADUTOR
9 (RLIN) 961
942 ## - ELEMENTOS DE ENTRADA ADICIONADOS (KOHA)
Fonte de classificação ou esquema de arquivamento Classificação decimal de Dewey
Ocultar no OPAC Não
Tipo de material Koha Livros
Holdings
Situação do descarte Situação das perdas Fonte de classificação ou esquema de arquivamento Status danificado Não pode ser emprestado Coleção Biblioteca de origem Biblioteca atual Localização na estante Data de aquisição Fonte de aquisição Total de empréstimos Número de chamada completo Código de barras Data de último acesso Data do preço efetivo Tipo de material Koha
    Classificação decimal de Dewey     Não ficção Biblioteca Professor Eduardo Afonso de Castro Biblioteca Professor Eduardo Afonso de Castro Obras Espíritas 27.06.2025 doação   133.9 / K18e 2025-17367 27.06.2025 27.06.2025 Livros

Powered by Koha